Statistics for Airlines That Serve Thunder Bay (YQT)

Click here to take the quiz!

General Stats

  • This quiz has been taken 4 times
  • The average score is 2 of 9

Answer Stats

CountryAnswer% Correct
CanadaAir Canada Rouge
67%
CanadaWestjet Encore
67%
CanadaAir Canada Express
33%
CanadaFlair Airlines
33%
CanadaPorter Air
33%
CanadaBearskin Airlines
0%
CanadaNorth Star Air
0%
CanadaSuperior Airways
0%
CanadaWasaya Airways
0%

Score Distribution

Percentile by Number Answered

Percent of People with Each Score

Your Score History

You have not taken this quiz